| 000 | 02000nim a2200385 i 4500 | ||
|---|---|---|---|
| 003 | CO-BoRNBP | ||
| 005 | 20230508212056.0 | ||
| 007 | vd cvadzs | ||
| 008 | 21 s2009 ck 125 b |||| |0| mcmul d | ||
| 020 | _a7506036008483 | ||
| 040 |
_aCO-BoRNBP _bspa _erda _cCO-BoRNBP |
||
| 041 | 1 |
_ajpn _hspa |
|
| 082 | 0 | 4 |
_a791.43 _bT14r _222 |
| 100 | 1 |
_aTakahata, Isao _d1935-2018 _eautor _91864 |
|
| 245 | 1 | 0 |
_aRecuerdos del ayer _cguión y dirección de Isao Takahata ; producción Hayao Miyazaki, Toshio Susuki |
| 246 | 3 | 3 | _aOnly yesterday |
| 250 | _a1a. edición | ||
| 264 | 1 |
_aMéxico, México _bZima Enterteinment _bStudio Ghibli _c2010 |
|
| 300 |
_a1 DVD (118 minutos) _bestéreo, color _c19 cm |
||
| 336 |
_2rdacontent _aimagen bidimensional en movimiento _btdi |
||
| 337 |
_2rdamedia _avideo _bv |
||
| 338 |
_2rdacarrier _avideodisco _bvd |
||
| 520 | 0 | 3 | _a"Taeko se aproxima a los treinta años de edad. Como ocurre con todo aquel que se acerque al umbral de los 30 sin estar casado, ella también debe soportar las exigencias de sus parientes, quienes la urgen a formar una familia. Un buen día, esta joven mujer decide escapar de su vida rutinariaen Tokio para reencontrarse con la tranquilidad del pueblo donde vivió su infancia, pero mucho más allá de un descanso, el regreso de Taeko a sus raíces significará un cambio definitivo en el curso de su vida y en el de la de alguien más" Tomado del estuche |
| 521 | _aRecomendado para público infantil mayor de 9 años | ||
| 546 | _aPelícula en japonés con subtítulos en español | ||
| 650 | 1 | 7 |
_aPelículas cinematográficas japonesas _vDVD _2LEMB _91855 |
| 650 | 1 | 7 |
_aPelículas animadas japonesas _vDVD _2LEMB _91856 |
| 650 | 1 | 7 |
_aRecuerdos _vDVD _2LEMB _91865 |
| 650 | 1 | 7 |
_aDibujos animados _vDVD _2LEMB _91858 |
| 650 | 1 | 7 |
_aHistorias de aventuras _vDVD _2LEMB _91859 |
| 650 | 1 | 7 |
_aAmor _vDVD _2LEMB _91866 |
| 700 | 1 |
_aMiyazaki, Hayao _d1941- _eproductor _91854 |
|
| 700 | 1 |
_aSuzuki, Tashao _d1948- _eproductor _91867 |
|
| 942 |
_2ddc _cDVD |
||
| 999 |
_c9503 _d9503 |
||